[Event "9ème Open International de Rouen"]
[Site "Hôtel de Région - 76000 Rouen"]
[Date "2016.12.18"]
[Round "3.22"]
[White "Vigneron, Frederic"]
[Black "Cassiau, Kevin"]
[Result "0-1"]
[WhiteElo "1800"]
[BlackElo "1509"]
[PlyCount "96"]
[EventDate "2016.??.??"]

1. d4 Nf6 2. c4 e5 3. dxe5 Ng4 4. e4 Nxe5 5. f4 Ng6 6. Be3 Bb4+ 7. Nc3 Qe7
8. Bd3 O-O 9. Ne2 f5 10. e5 d6 11. a3 Bxc3+ 12. Nxc3 dxe5 13. O-O e4 14. Be2
Rd8 15. Qc2 Be6 16. Nxe4 Bc8 17. Bc5 Qxe4 18. Qxe4 fxe4 19. f5 Ne5 20. f6 gxf6
21. Be7 Re8 22. Bxf6 Nbd7 23. Bh4 b6 24. Bh5 Re6 25. Rf5 Ng6 26. Bg5 Re5
27. Rxe5 Ndxe5 28. Re1 Bb7 29. Bf6 Rf8 30. Bg5 Rf5 31. Bxg6 hxg6 32. h4 Nd3
33. Re2 Kf7 34. b4 c5 35. Be3 cxb4 36. axb4 Nxb4 37. g4 Ra5 38. Rf2+ Ke8
39. Bd4 Nd3 40. Rf6 Kd7 41. Rxg6 e3 42. Rg7+ Ke6 43. Bxe3 Ra1+ 44. Kh2 Ra2+
45. Kg1 Rg2+ 46. Kf1 Bf3 47. g5 Re2 48. Rg6+ Ke5 0-1

[Event "9ème Open International de Rouen"]
[Site "Hôtel de Région - 76000 Rouen"]
[Date "2016.12.18"]
[Round "3.23"]
[White "Madon, Francis"]
[Black "Yuan, Beline"]
[Result "0-1"]
[WhiteElo "1495"]
[BlackElo "1800"]
[PlyCount "78"]
[EventDate "2016.??.??"]

1. e4 e6 2. d4 d5 3. Nc3 Bb4 4. e5 c5 5. a3 Bxc3+ 6. bxc3 Ne7 7. Nf3 Nbc6
8. Bd3 Qc7 9. O-O Bd7 10. a4 Qb6 11. Be3 Qa5 12. Qd2 Qc7 13. Nh4 Ng6 14. Nxg6
hxg6 15. f4 cxd4 16. cxd4 Ne7 17. Qb4 Nf5 18. Bxf5 gxf5 19. Bc1 a5 20. Qd2 Qc4
21. Ba3 Bxa4 22. Rf2 Kd7 23. Bc5 Ra6 24. Ra3 Rc8 25. Rc3 Qb5 26. Rff3 Rac6
27. Bd6 Rxc3 28. Rxc3 Rxc3 29. Qxc3 Qb1+ 30. Kf2 Qxc2+ 31. Qxc2 Bxc2 32. Ke3 b5
33. Kd2 Be4 34. g3 b4 35. Kc1 Kc6 36. Kb2 Kb5 37. h4 Kc4 38. Bc5 g6 39. Bb6 a4
0-1

[Event "9ème Open International de Rouen"]
[Site "Hôtel de Région - 76000 Rouen"]
[Date "2016.12.18"]
[Round "3.24"]
[White "Bertrand, Julien"]
[Black "Grignoux, Yannick"]
[Result "1-0"]
[WhiteElo "1799"]
[BlackElo "1481"]
[PlyCount "71"]
[EventDate "2016.??.??"]

1. d4 d5 2. Nf3 Bg4 3. Ne5 Nf6 4. Nxg4 Nxg4 5. e4 Nf6 6. e5 Nfd7 7. c3 e6
8. Be3 Be7 9. f4 Bh4+ 10. g3 Be7 11. Bd3 c6 12. Nd2 Qb6 13. b4 Na6 14. O-O Nc7
15. Qc2 a6 16. Nb3 Nb5 17. a4 Nc7 18. Rfb1 Nf8 19. Nc5 Ng6 20. f5 exf5 21. Bxf5
Rd8 22. Rb2 Qa7 23. a5 Nb5 24. e6 Rd6 25. Rf1 b6 26. axb6 Qxb6 27. Ra2 Nc7
28. exf7+ Kd8 29. Bd3 Bf6 30. Bxg6 hxg6 31. Bf4 Rd7 32. Bxc7+ Kxc7 33. Rxa6 Qb8
34. Qa4 Rd6 35. Ra7+ Kd8 36. Ra8 1-0

[Event "9ème Open International de Rouen"]
[Site "Hôtel de Région - 76000 Rouen"]
[Date "2016.12.18"]
[Round "3.25"]
[White "Zinoun, Said"]
[Black "Guillaumat, Jean-Pierre"]
[Result "1/2-1/2"]
[WhiteElo "1458"]
[BlackElo "1794"]
[PlyCount "89"]
[EventDate "2016.??.??"]

1. Nf3 c5 2. e4 e6 3. c3 Nc6 4. d4 d5 5. exd5 Qxd5 6. Na3 Nf6 7. Bc4 Qd8
8. O-O Be7 9. Nc2 O-O 10. Bf4 Nd5 11. Bg3 a6 12. Bd3 cxd4 13. Ncxd4 Nxd4
14. Nxd4 g6 15. Re1 Bf6 16. Nf3 Qb6 17. Qc2 Bg7 18. h4 Nf6 19. Be5 Nh5 20. Bxg7
Kxg7 21. Qe2 Qc7 22. Qe5+ Qxe5 23. Nxe5 b5 24. Be4 Ra7 25. Rad1 Rc7 26. g3 Nf6
27. Bf3 Bb7 28. Bxb7 Rxb7 29. Rd6 a5 30. Ra6 a4 31. Rd1 Nd5 32. Nc6 Rc8 33. Nd4
h5 34. Ra5 b4 35. cxb4 Rxb4 36. Rd2 Rcc4 37. Nf3 Rc7 38. Ne5 Re4 39. Nf3 Rec4
40. Nd4 Kf6 41. Kg2 Rb7 42. a3 Ke5 43. Nf3+ Kf6 44. Ng5 Ke7 45. Kf3 1/2-1/2

[Event "9ème Open International de Rouen"]
[Site "Hôtel de Région - 76000 Rouen"]
[Date "2016.12.18"]
[Round "3.26"]
[White "Benassis, Nicola-Henri"]
[Black "Lelievre, Clement"]
[Result "0-1"]
[WhiteElo "1448"]
[BlackElo "1786"]
[PlyCount "114"]
[EventDate "2016.??.??"]

1. e4 e5 2. Nf3 Nc6 3. Bb5 a6 4. Ba4 Nf6 5. O-O Nxe4 6. Re1 Nc5 7. Nxe5 Nxe5
8. Rxe5+ Be7 9. Bb3 Nxb3 10. axb3 O-O 11. Nc3 d6 12. Re1 Be6 13. d3 d5 14. Bf4
Re8 15. Qf3 Qd7 16. Qg3 Rac8 17. Re2 Bf6 18. Be5 Bxe5 19. Rxe5 Qd6 20. Rae1 f6
21. R5e2 Qxg3 22. fxg3 Kf7 23. Kf2 d4 24. Ne4 Bd5 25. Nd2 c5 26. Nc4 Rxe2+
27. Rxe2 Rc6 28. Na5 Re6 29. Rxe6 Kxe6 30. Nc4 b5 31. Nd2 Kf5 32. h3 h5 33. Kg1
g5 34. Kf2 a5 35. h4 gxh4 36. gxh4 Kg4 37. g3 f5 38. c4 dxc3 39. bxc3 a4
40. bxa4 bxa4 41. Nb1 f4 42. gxf4 Kxf4 43. Kg1 Kg3 44. d4 c4 45. Na3 Kxh4
46. Kh2 Kg4 47. Nb1 Kf4 48. Kh3 Ke3 49. Na3 Kd3 50. Nb5 Kc2 51. Kh4 Bf3 52. d5
Bxd5 53. Kxh5 Kb2 54. Kg4 a3 55. Nxa3 Kxa3 56. Kf4 Kb3 57. Ke3 Kxc3 0-1

[Event "9ème Open International de Rouen"]
[Site "Hôtel de Région - 76000 Rouen"]
[Date "2016.12.18"]
[Round "3.27"]
[White "Ayoub, Georges"]
[Black "Rocher, Elian"]
[Result "1-0"]
[WhiteElo "1761"]
[BlackElo "1450"]
[PlyCount "114"]
[EventDate "2016.??.??"]

1. e4 e5 2. Nf3 Nc6 3. Bb5 a6 4. Ba4 b5 5. Bb3 Be7 6. O-O Nf6 7. Re1 O-O 8. c3
d6 9. h3 Na5 10. Bc2 c5 11. d4 exd4 12. cxd4 c4 13. Nbd2 Re8 14. Nf1 Nc6
15. Qe2 h6 16. a4 Bb7 17. Bd2 Qc7 18. Ng3 Bf8 19. Qd1 Ne7 20. Bb1 Ng6 21. Qc2
Bc6 22. h4 h5 23. Bg5 Nh7 24. Nxh5 Nxg5 25. Nxg5 Qd7 26. f3 Be7 27. d5 Bb7
28. Qc3 f6 29. Ne6 Bf8 30. Qc2 Nxh4 31. Qf2 Ng6 32. Qg3 Qf7 33. Nhf4 Nxf4
34. Qxf4 g5 35. Qg3 Bc8 36. Nd4 Qa7 37. Rd1 Bg7 38. Kf1 Bf8 39. axb5 Qb6 40. f4
Bh6 41. f5 Bf8 42. Qc3 Bd7 43. bxa6 Kf7 44. Ne6 Bb5 45. Ke2 Rxa6 46. Rxa6 Bxa6
47. Ba2 Be7 48. Kf3 Rc8 49. Rh1 Ke8 50. Rh8+ Kd7 51. Rxc8 Bxc8 52. Bxc4 Bb7
53. Bb3 Ba6 54. Ba4+ Bb5 55. Qb3 g4+ 56. Kxg4 Bxa4 57. Qxb6 Bd1+ 1-0

[Event "9ème Open International de Rouen"]
[Site "Hôtel de Région - 76000 Rouen"]
[Date "2016.12.18"]
[Round "3.28"]
[White "Delin, Valere"]
[Black "Cleaud, Cyril"]
[Result "1-0"]
[WhiteElo "1346"]
[BlackElo "1761"]
[PlyCount "105"]
[EventDate "2016.??.??"]

1. e4 c5 2. Nf3 e6 3. c3 Nf6 4. e5 Nd5 5. d4 cxd4 6. cxd4 Nc6 7. Bc4 Nb6
8. Bb3 d6 9. Be3 Qc7 10. exd6 Bxd6 11. Nc3 a6 12. d5 exd5 13. Bxb6 Qxb6
14. Qxd5 Qc7 15. Qe4+ Qe7 16. Qxe7+ Bxe7 17. O-O O-O 18. Nd5 Bg4 19. Nxe7+ Nxe7
20. Ne5 Bf5 21. Rfe1 Ng6 22. Rac1 Rae8 23. Nxf7 Rxe1+ 24. Rxe1 Rxf7 25. Re8+
Nf8 26. Re7 Be6 27. Rxe6 Nxe6 28. Bxe6 Kf8 29. Bxf7 Kxf7 30. Kf1 Ke6 31. Ke2
Kf6 32. Kd3 Ke7 33. Kc4 Kd8 34. Kd5 Kd7 35. Kc5 Kc7 36. b4 b6+ 37. Kd5 Kd7
38. a4 Kc7 39. Ke6 Kc6 40. Kf7 g5 41. Kg7 b5 42. a5 Kd5 43. h4 gxh4 44. Kxh7
Ke4 45. Kg6 Kd4 46. f4 Kc4 47. f5 Kxb4 48. f6 Kxa5 49. f7 b4 50. f8=Q Kb5
51. Qb8+ Ka4 52. Qb6 a5 53. Kh5 1-0

[Event "9ème Open International de Rouen"]
[Site "Hôtel de Région - 76000 Rouen"]
[Date "2016.12.18"]
[Round "3.29"]
[White "Cardon, Guillaume"]
[Black "Mignot, Philippe"]
[Result "1-0"]
[WhiteElo "1735"]
[BlackElo "1321"]
[PlyCount "73"]
[EventDate "2016.??.??"]

1. d4 Nf6 2. c4 e5 3. d5 Bc5 4. e3 d6 5. Nf3 Bg4 6. Be2 Nbd7 7. Nc3 a6 8. e4
Bh5 9. O-O h6 10. h3 g5 11. Nh2 Bg6 12. Bf3 Qe7 13. Qe2 h5 14. Bxg5 O-O-O
15. Rab1 Bd4 16. Na4 Rdg8 17. h4 Qe8 18. b4 b5 19. cxb5 axb5 20. Qxb5 Bxe4
21. Qa6+ Kd8 22. Bxe4 Rxg5 23. hxg5 Nxe4 24. Nf3 Ke7 25. Nxd4 Nxg5 26. Nc6+ Kf6
27. Qd3 h4 28. f4 exf4 29. Rxf4+ Kg7 30. Rg4 f6 31. Rf1 Qh5 32. Qf5 h3
33. Qxd7+ Kg6 34. Ne7+ Kh7 35. Nf5+ Qf7 36. Qxf7+ Nxf7 37. Rg7# 1-0

[Event "9ème Open International de Rouen"]
[Site "Hôtel de Région - 76000 Rouen"]
[Date "2016.12.18"]
[Round "3.30"]
[White "Bailly, Thierry"]
[Black "Ferreira, Theo"]
[Result "1-0"]
[WhiteElo "1716"]
[BlackElo "1299"]
[PlyCount "55"]
[EventDate "2016.??.??"]

1. e4 e5 2. Nf3 Nc6 3. c3 Nf6 4. d3 d6 5. Be3 Ng4 6. Bg5 Be7 7. Bxe7 Qxe7
8. Nbd2 Nf6 9. Qc2 b6 10. d4 exd4 11. cxd4 Bb7 12. Bb5 O-O 13. Bxc6 Bxc6
14. Qxc6 Rfe8 15. O-O Rac8 16. Rfe1 Qd7 17. Rac1 a5 18. Qxd7 Nxd7 19. Nc4 f6
20. Na3 Nf8 21. Nb5 Ne6 22. Re2 Nf4 23. Re3 d5 24. e5 fxe5 25. Nxe5 Ne6
26. Rec3 Nf4 27. Kf1 Ne6 28. Nd6 1-0

[Event "9ème Open International de Rouen"]
[Site "Hôtel de Région - 76000 Rouen"]
[Date "2016.12.18"]
[Round "3.31"]
[White "Piassale, Mael"]
[Black "Vouin, Denis"]
[Result "0-1"]
[WhiteElo "1281"]
[BlackElo "1709"]
[PlyCount "50"]
[EventDate "2016.??.??"]

1. e4 d5 2. exd5 Qxd5 3. d4 Nc6 4. Nf3 Bg4 5. Be2 O-O-O 6. c4 Qf5 7. Be3 e5
8. d5 Nb4 9. Na3 Bxf3 10. Bxf3 Nd3+ 11. Kf1 h5 12. Nb5 a6 13. Nc3 Nf6 14. a3
Bc5 15. Bxc5 Nxc5 16. b4 Ne6 17. b5 Nc5 18. bxa6 bxa6 19. g3 e4 20. Be2 Ng4
21. Kg2 Qxf2+ 22. Kh3 Ne3 23. Qg1 Qf5+ 24. g4 hxg4+ 25. Kg3 Rh3# 0-1

[Event "9ème Open International de Rouen"]
[Site "Hôtel de Région - 76000 Rouen"]
[Date "2016.12.18"]
[Round "3.32"]
[White "Pheng, Wissam"]
[Black "Voegele, Francois-Marie"]
[Result "1-0"]
[WhiteElo "1708"]
[BlackElo "1130"]
[PlyCount "83"]
[EventDate "2016.??.??"]

1. c4 c5 2. Nf3 Nc6 3. Nc3 d6 4. d4 cxd4 5. Nxd4 Bd7 6. e4 Nf6 7. f3 e6
8. Ndb5 Qb8 9. Bf4 e5 10. Bg5 Be7 11. Be2 O-O 12. Bxf6 gxf6 13. Nd5 Qc8
14. Nxe7+ Nxe7 15. Qxd6 Qd8 16. Qxf6 Nc6 17. Qxd8 Rfxd8 18. Nc7 Rac8 19. Nd5
Kh8 20. O-O Rg8 21. Nf6 Rgd8 22. f4 Be6 23. f5 Bd7 24. Bg4 Nb4 25. Nxd7 Re8
26. Nf6 Red8 27. Rfd1 Rf8 28. a3 Nc6 29. Rd3 Kg7 30. Nh5+ Kh8 31. f6 Rc7
32. Ng7 h6 33. Rh3 Kh7 34. Bf5+ Kh8 35. Rxh6+ Kg8 36. Bh7+ Kh8 37. Rd1 Rcc8
38. Bf5+ Kg8 39. Bxc8 Rxc8 40. Rd3 Nd8 41. Rdh3 Rxc4 42. Rh8# 1-0

[Event "9ème Open International de Rouen"]
[Site "Hôtel de Région - 76000 Rouen"]
[Date "2016.12.18"]
[Round "3.33"]
[White "Lebreton, Gabin"]
[Black "Fourcart, Marc"]
[Result "0-1"]
[WhiteElo "1237"]
[BlackElo "1706"]
[PlyCount "116"]
[EventDate "2016.??.??"]

1. e4 d5 2. exd5 Qxd5 3. Nc3 Qa5 4. d4 e5 5. dxe5 Bb4 6. Be2 Nc6 7. a3 Bxc3+
8. bxc3 Qxc3+ 9. Bd2 Qxe5 10. Nf3 Qd6 11. O-O Nf6 12. Bc3 Nd5 13. Qd3 Nxc3
14. Qxc3 O-O 15. Rfd1 Qf4 16. Bb5 Ne7 17. Rd4 Qf6 18. Qxc7 Bg4 19. Rad1 Bxf3
20. gxf3 Ng6 21. Qxb7 Rab8 22. Qc6 Qg5+ 23. Rg4 Qxb5 24. Qe4 Rbe8 25. Qd4 Qb6
26. Qd3 Rd8 27. Qe2 Rxd1+ 28. Qxd1 Rd8 29. Qe2 Qe6 30. Re4 Qd6 31. Re8+ Rxe8
32. Qxe8+ Nf8 33. Qa4 Qg6+ 34. Kf1 h6 35. c4 Qd3+ 36. Kg2 Qd7 37. Qxd7 Nxd7
38. Kg3 g5 39. Kg4 f6 40. Kf5 Kf7 41. Ke4 Ke7 42. h3 f5+ 43. Kd4 Kd6 44. a4 a5
45. Ke3 Nc5 46. f4 gxf4+ 47. Kxf4 Ke6 48. f3 Nxa4 49. Kg3 Nc5 50. Kh4 a4
51. Kh5 a3 52. Kxh6 a2 53. h4 a1=Q 54. h5 Qh8+ 55. Kg6 Qf6+ 56. Kh7 Kf7 57. h6
Qg6+ 58. Kh8 Qxh6# 0-1

[Event "9ème Open International de Rouen"]
[Site "Hôtel de Région - 76000 Rouen"]
[Date "2016.12.18"]
[Round "3.34"]
[White "Argouse, Alexandre"]
[Black "Dorin, Herve"]
[Result "0-1"]
[WhiteElo "1148"]
[BlackElo "1620"]
[PlyCount "114"]
[EventDate "2016.??.??"]

1. e4 d5 2. exd5 Qxd5 3. Nc3 Qd8 4. Bc4 Nf6 5. Nf3 Nc6 6. Ng5 e6 7. O-O h6
8. Nf3 Bb4 9. d4 Bxc3 10. bxc3 O-O 11. Ba3 Re8 12. Bb5 Bd7 13. c4 a6 14. Ba4 b5
15. Bb3 Na5 16. c5 Nxb3 17. cxb3 Bc6 18. Bb2 Bxf3 19. Qxf3 Nd5 20. Qg3 Qf6
21. Bc1 Kh8 22. Bb2 Rad8 23. Rab1 Qf5 24. h3 Rd7 25. Rfe1 Qf4 26. Qxf4 Nxf4
27. Re4 Nd5 28. Rg4 f5 29. Rg3 g5 30. Re1 Rg7 31. Rd3 Rg6 32. g3 h5 33. Rd2 h4
34. gxh4 gxh4+ 35. Kf1 Reg8 36. Ke2 Kh7 37. Kd1 Rg1 38. Re2 Rxe1+ 39. Rxe1 Rg6
40. Kc2 c6 41. Bc1 Kg7 42. Be3 Rg2 43. Kd3 Kf6 44. f4 Rh2 45. Rg1 Rxh3 46. Rg5
Rxe3+ 47. Kd2 Rf3 48. Rh5 Rxf4 49. Rh6+ Ke7 50. Rh7+ Kd8 51. Rh8+ Kd7 52. Rh7+
Ne7 53. Ke3 Rg4 54. Kf3 Rxd4 55. Kg2 Rd2+ 56. Kh3 Rxa2 57. Kxh4 Rh2+ 0-1

[Event "9ème Open International de Rouen"]
[Site "Hôtel de Région - 76000 Rouen"]
[Date "2016.12.18"]
[Round "3.35"]
[White "Lefebvre, Willy"]
[Black "Thery, Arthus"]
[Result "1-0"]
[WhiteElo "1527"]
[BlackElo "1254"]
[PlyCount "117"]
[EventDate "2016.??.??"]

1. e4 e6 2. d4 d5 3. Nd2 Nf6 4. e5 Nfd7 5. f4 c5 6. c3 Nc6 7. Ngf3 Qb6 8. Qb3
cxd4 9. Qxb6 Nxb6 10. Nxd4 Nxd4 11. cxd4 Bd7 12. Be2 Be7 13. O-O O-O 14. Nb3
Rac8 15. Rd1 Ba4 16. Bd3 Nc4 17. Rf1 Rc7 18. Kf2 f6 19. Ke2 fxe5 20. fxe5 Rxf1
21. Kxf1 Bb5 22. Ke2 a6 23. a4 Bd7 24. Nd2 Nxd2 25. Bxd2 b5 26. axb5 Bxb5
27. g3 Bxd3+ 28. Kxd3 Rc6 29. Rc1 Rxc1 30. Bxc1 Kf7 31. h4 h6 32. h5 Ke8
33. Kc3 Kd7 34. Kb3 Kc7 35. Bd2 Kb7 36. Ka4 Bd8 37. Bb4 Bb6 38. Bc3 Kc6 39. b4
Ba7 40. Ka5 Kb7 41. b5 axb5 42. Kxb5 Bb6 43. Bb2 Ba7 44. Kb4 Kc7 45. Kc3 Kd7
46. g4 Ke8 47. Bc1 Bb6 48. g5 hxg5 49. Bxg5 Bd8 50. Bxd8 Kxd8 51. Kd3 Ke7
52. Ke3 Kf7 53. Kf3 Ke7 54. Kg4 Kf8 55. Kg5 Kf7 56. h6 gxh6+ 57. Kxh6 Ke8
58. Kg6 Kd7 59. Kf7 1-0

[Event "9ème Open International de Rouen"]
[Site "Hôtel de Région - 76000 Rouen"]
[Date "2016.12.18"]
[Round "3.36"]
[White "Coquelin, Jonathan"]
[Black "Guignard, Jonathan"]
[Result "1-0"]
[WhiteElo "1439"]
[BlackElo "1249"]
[PlyCount "79"]
[EventDate "2016.??.??"]

1. d4 d5 2. c4 e6 3. Nc3 Nf6 4. cxd5 exd5 5. Bg5 Nbd7 6. e3 Be7 7. Bd3 O-O
8. Qc2 Re8 9. Nge2 c5 10. Bb5 a6 11. Bxf6 Bxf6 12. Bd3 Kh8 13. Nxd5 cxd4
14. Nc7 Re7 15. Nxa8 Nf8 16. Rc1 Bg4 17. f3 Bd7 18. Nc7 Bc6 19. O-O dxe3
20. Be4 Rxc7 21. Rfd1 Qe7 22. Nd4 Bxd4 23. Rxd4 Ne6 24. Rc4 g6 25. Bxc6 Rxc6
26. Rxc6 bxc6 27. Qc3+ Ng7 28. Re1 e2 29. Qd2 Qc5+ 30. Kh1 Nf5 31. Qxe2 Kg7
32. Qe5+ Qxe5 33. Rxe5 Kf6 34. Ra5 Ke6 35. Rxa6 Kd6 36. Ra7 Ke6 37. Rc7 Ne7
38. a4 Kd6 39. Rb7 Ke6 40. a5 1-0

[Event "9ème Open International de Rouen"]
[Site "Hôtel de Région - 76000 Rouen"]
[Date "2016.12.18"]
[Round "3.37"]
[White "Bailly, Yannick"]
[Black "Julien, Franck"]
[Result "1/2-1/2"]
[WhiteElo "1396"]
[BlackElo "1569"]
[PlyCount "103"]
[EventDate "2016.??.??"]

1. Nf3 Nf6 2. c4 g6 3. Nc3 Bg7 4. d4 d6 5. e4 O-O 6. Be3 Nbd7 7. Be2 c5 8. O-O
a6 9. Rb1 cxd4 10. Bxd4 Qc7 11. Nd5 Qd8 12. Bd3 Nc5 13. Re1 e5 14. Bxc5 Nxd5
15. exd5 dxc5 16. Nxe5 Re8 17. Nf3 Bg4 18. Rxe8+ Qxe8 19. h3 Bd7 20. Qe2 Qf8
21. Re1 Re8 22. Qd2 h6 23. b3 Rb8 24. Qf4 Qd8 25. Kf1 b5 26. Ne5 Be8 27. Qe3
Qd6 28. Nf3 Kf8 29. Kg1 b4 30. Nd2 f5 31. Qe6 Rd8 32. Qxd6+ Rxd6 33. Nf3 Rd7
34. Re6 Ra7 35. Nh4 g5 36. Nxf5 Bd7 37. Re2 Bxf5 38. Bxf5 Re7 39. Rxe7 Kxe7
40. g4 Kf6 41. Kf1 Ke5 42. Ke2 Kd4 43. Kd2 Be5 44. f3 Bf4+ 45. Kc2 Ke3 46. Be4
a5 47. Kb1 Be5 48. a3 Bf4 49. axb4 axb4 50. Kc2 Kd4 51. Bd3 Ke3 52. Be4 1/2-1/2

[Event "9ème Open International de Rouen"]
[Site "Hôtel de Région - 76000 Rouen"]
[Date "2016.12.18"]
[Round "3.38"]
[White "Ginovart, Camille"]
[Black "Colin-Chen, Christine"]
[Result "1-0"]
[WhiteElo "1567"]
[BlackElo "1359"]
[PlyCount "77"]
[EventDate "2016.??.??"]

1. d4 Nf6 2. Nf3 d6 3. e3 g6 4. Bd3 Bg7 5. O-O O-O 6. h3 Nbd7 7. e4 c5 8. c3
cxd4 9. cxd4 Nb6 10. Nc3 Bd7 11. e5 Nfd5 12. Nxd5 Nxd5 13. Bg5 Be6 14. Re1 Qd7
15. Bc4 Rac8 16. Qb3 Rxc4 17. Qxc4 Rc8 18. Qe2 h6 19. Bh4 g5 20. Bg3 g4
21. hxg4 Bxg4 22. Rac1 Be6 23. Rxc8+ Qxc8 24. exd6 exd6 25. Bxd6 Bg4 26. Qe8+
Qxe8 27. Rxe8+ Kh7 28. Ne5 Be6 29. Ra8 a6 30. Rb8 b5 31. Ra8 Nb6 32. Rxa6 Nc4
33. Nxc4 bxc4 34. Be5 Bxe5 35. dxe5 Kg6 36. a4 Kf5 37. a5 Bd5 38. Rxh6 Kxe5
39. a6 1-0

[Event "9ème Open International de Rouen"]
[Site "Hôtel de Région - 76000 Rouen"]
[Date "2016.12.18"]
[Round "3.39"]
[White "Ferreira, Loic"]
[Black "Ayoub, Alexandre"]
[Result "1-0"]
[WhiteElo "1441"]
[BlackElo "1303"]
[PlyCount "45"]
[EventDate "2016.??.??"]

1. e4 e5 2. Nf3 Nc6 3. Bc4 Bc5 4. c3 Nf6 5. d4 exd4 6. e5 Ng4 7. cxd4 Bb4+
8. Nc3 d5 9. exd6 Qxd6 10. Qe2+ Qe7 11. Qxe7+ Nxe7 12. O-O O-O 13. Bf4 c6
14. a3 Ba5 15. Bd6 Re8 16. b4 Bb6 17. Rfe1 Bd8 18. Ng5 Nh6 19. Re2 Kf8
20. Nxh7+ Kg8 21. Ng5 Kf8 22. Rae1 f6 23. Nh7# 1-0

[Event "9ème Open International de Rouen"]
[Site "Hôtel de Région - 76000 Rouen"]
[Date "2016.12.18"]
[Round "3.40"]
[White "Garcia, Frederic"]
[Black "Pineau, Patrick"]
[Result "0-1"]
[WhiteElo "1254"]
[BlackElo "1433"]
[PlyCount "82"]
[EventDate "2016.??.??"]

1. e4 c5 2. Nf3 d6 3. c3 Nf6 4. g3 Nxe4 5. Qa4+ Nc6 6. Qxe4 e6 7. Bb5 Bd7
8. Bxc6 Bxc6 9. Qd3 Be7 10. O-O O-O 11. Qe2 a6 12. d3 Qd7 13. Na3 e5 14. Kg2 f5
15. h3 e4 16. dxe4 fxe4 17. Ng1 d5 18. Be3 Rf7 19. Rad1 Raf8 20. Nc4 Qe6
21. Na3 c4 22. Nc2 Ba4 23. Rd2 Bxc2 24. Rxc2 b5 25. Qd2 Rf5 26. Ne2 Rh5 27. Rh1
Qf7 28. Nf4 Rf5 29. Rcc1 g5 30. g4 gxf4 31. gxf5 fxe3 32. Qxe3 Qxf5 33. Kf1 Kh8
34. Rc2 Qh5 35. Qe2 Qf5 36. Rh2 Bd6 37. Rh1 Bc5 38. Rh2 Rg8 39. Rg2 Qxh3
40. Ke1 Qxg2 41. Kd2 Rf8 0-1

[Event "9ème Open International de Rouen"]
[Site "Hôtel de Région - 76000 Rouen"]
[Date "2016.12.18"]
[Round "3.41"]
[White "Deschuyteneer, Lucien"]
[Black "Madon, Paul"]
[Result "1-0"]
[WhiteElo "1399"]
[BlackElo "1199"]
[PlyCount "110"]
[EventDate "2016.??.??"]

1. e4 d5 2. exd5 Qxd5 3. Nc3 Qd8 4. d4 Nf6 5. Nf3 Nc6 6. Be2 Bf5 7. Be3 Ne4
8. Nxe4 Bxe4 9. c3 e6 10. O-O Bd6 11. a3 Qf6 12. Nd2 Bd5 13. Bf3 Qh4 14. g3 Qf6
15. Bxd5 exd5 16. Qf3 Qxf3 17. Nxf3 O-O 18. b4 b6 19. Rfe1 a5 20. b5 Na7 21. a4
c6 22. Reb1 Rae8 23. bxc6 Bc7 24. Re1 Nxc6 25. Rab1 Na7 26. Bd2 Rb8 27. Re7
Rbc8 28. Kg2 Nc6 29. Rd7 Nb8 30. Re7 Nc6 31. Ree1 Rb8 32. Ne5 Na7 33. Nd7 Rfd8
34. Nxb8 Bxb8 35. Rxb6 Bc7 36. Rb7 Bb8 37. Ree7 Rf8 38. Bf4 Nc6 39. Red7 h6
40. Bxb8 Nxb8 41. Rxd5 Nc6 42. Rc5 Rc8 43. d5 Ne7 44. Rxc8+ Nxc8 45. Rb8 Kf8
46. Rxc8+ Ke7 47. c4 Kd6 48. Ra8 Ke7 49. Rxa5 Kf6 50. f4 Kg6 51. Kf3 f5 52. g4
h5 53. g5 h4 54. d6 Kh5 55. Rxf5 g6 1-0

[Event "9ème Open International de Rouen"]
[Site "Hôtel de Région - 76000 Rouen"]
[Date "2016.12.18"]
[Round "3.42"]
[White "Demol, Sylvain"]
[Black "Lormier, Vincent"]
[Result "0-1"]
[WhiteElo "1250"]
[BlackElo "1399"]
[PlyCount "104"]
[EventDate "2016.??.??"]

1. e4 Nf6 2. e5 Nd5 3. d4 d6 4. Bc4 Nb6 5. Bb3 dxe5 6. Nf3 exd4 7. O-O c5
8. Ne5 e6 9. c3 d3 10. Nxd3 Nc6 11. Nf4 Qc7 12. Be3 Bd6 13. g3 Bd7 14. Nd2
O-O-O 15. Bc2 e5 16. Ne4 Be7 17. Nd3 Bh3 18. Re1 c4 19. Qe2 cxd3 20. Bxd3 h6
21. f4 Nd5 22. Qh5 Be6 23. Rad1 Nxe3 24. Rxe3 f5 25. Nf2 e4 26. Bc2 Rxd1+
27. Nxd1 Bc5 28. Kf2 Rd8 29. Qe2 Qb6 30. Ke1 Rxd1+ 31. Bxd1 Bxe3 32. Qh5 Qd8
33. Qe2 Qd3 34. Bc2 Qxe2+ 35. Kxe2 Bc5 36. b3 a5 37. Bb1 b5 38. Bc2 Bd5 39. Bb1
g5 40. Bc2 Ne7 41. Bb1 Ng6 42. c4 bxc4 43. Bc2 gxf4 44. g4 fxg4 45. Bxe4 Bxe4
46. bxc4 f3+ 47. Ke1 Bd3 48. a4 f2+ 49. Kd2 f1=Q 50. h4 Bb4+ 51. Ke3 Qe2+
52. Kd4 Qe4# 0-1

[Event "9ème Open International de Rouen"]
[Site "Hôtel de Région - 76000 Rouen"]
[Date "2016.12.18"]
[Round "3.43"]
[White "Vasset, Francois"]
[Black "Garcia, Mael"]
[Result "1-0"]
[WhiteElo "1399"]
[BlackElo "1182"]
[PlyCount "25"]
[EventDate "2016.??.??"]

1. e4 c5 2. Nc3 Nf6 3. e5 Ng8 4. Bc4 Nc6 5. f4 e6 6. Nf3 g6 7. O-O Bh6 8. d3
Nge7 9. Qe1 O-O 10. Ne4 b6 11. Nf6+ Kh8 12. Qh4 Bg7 13. Qxh7# 1-0

[Event "9ème Open International de Rouen"]
[Site "Hôtel de Région - 76000 Rouen"]
[Date "2016.12.18"]
[Round "3.44"]
[White "Nguyen, Tristan"]
[Black "Cernettig, Michel"]
[Result "1/2-1/2"]
[WhiteElo "1199"]
[BlackElo "1398"]
[PlyCount "79"]
[EventDate "2016.??.??"]

1. e4 c5 2. Nf3 d6 3. d4 cxd4 4. Nxd4 Nf6 5. Nc3 a6 6. Bc4 e6 7. O-O Be7 8. f4
Qc7 9. Be2 O-O 10. Qd3 b5 11. a3 Nbd7 12. b4 Bb7 13. Bb2 Rfd8 14. Rf3 Qb6
15. Kh1 g6 16. Rg3 Bf8 17. Nf3 Bg7 18. Rb1 Rac8 19. Nd2 Qc7 20. Bf3 Nh5
21. Bxh5 Bxc3 22. Bxc3 Qxc3 23. Qxc3 Rxc3 24. Rxc3 gxh5 25. Rh3 Rc8 26. Rc1 Nf6
27. Re3 Kh8 28. h3 h4 29. Kg1 Nh5 30. Kf1 Nxf4 31. Rf3 e5 32. c3 f5 33. Re1 Rg8
34. Ree3 Nxg2 35. Re2 Nf4 36. Re1 Ng2 37. Re2 Nf4 38. Re1 Ng2 39. Re2 Nf4
40. Re1 1/2-1/2

[Event "9ème Open International de Rouen"]
[Site "Hôtel de Région - 76000 Rouen"]
[Date "2016.12.18"]
[Round "3.45"]
[White "Madon, Clement"]
[Black "Dionisi, Michel"]
[Result "0-1"]
[WhiteElo "1168"]
[BlackElo "1390"]
[PlyCount "66"]
[EventDate "2016.??.??"]

1. e4 d6 2. d4 Nf6 3. Nc3 g6 4. Nf3 Bg7 5. Be2 O-O 6. O-O a6 7. Bd2 b5 8. a3
Bb7 9. Bd3 Nbd7 10. Re1 c5 11. dxc5 Nxc5 12. b4 Nxd3 13. cxd3 e6 14. d4 Nd7
15. Rc1 Nb6 16. Bf4 Nc4 17. Ra1 Re8 18. Qd3 Rc8 19. Nd2 e5 20. Be3 Nxe3
21. fxe3 Qb6 22. Nf3 Rc4 23. Ne2 d5 24. exd5 e4 25. Qb3 exf3 26. gxf3 Qf6
27. f4 Bxd5 28. Ng3 Qc6 29. Qd3 Rc3 30. Qf1 Rcxe3 31. Rxe3 Rxe3 32. Qf2 Bxd4
33. Rd1 Re1+ 0-1

[Event "9ème Open International de Rouen"]
[Site "Hôtel de Région - 76000 Rouen"]
[Date "2016.12.19"]
[Round "4.1"]
[White "Shchekachev, Andrei"]
[Black "Neiman, Emmanuel"]
[Result "1-0"]
[WhiteElo "2554"]
[BlackElo "2274"]
[PlyCount "49"]
[EventDate "2016.??.??"]

1. Nf3 d5 2. d4 Nf6 3. c4 c6 4. Nc3 e6 5. g3 dxc4 6. Ne5 b5 7. Bg2 Qb6 8. O-O
Bb7 9. a4 Nbd7 10. Be3 Nd5 11. Nxd7 Kxd7 12. Ne4 Be7 13. Nc5+ Ke8 14. Bd2 Bxc5
15. a5 Qc7 16. dxc5 a6 17. e4 Nf6 18. Bc3 Rd8 19. Qe2 Qe7 20. Qe3 Nd7 21. Rad1
f6 22. Rd6 Kf7 23. Rfd1 Rhe8 24. Qd2 Bc8 25. e5 1-0

[Event "9ème Open International de Rouen"]
[Site "Hôtel de Région - 76000 Rouen"]
[Date "2016.12.19"]
[Round "4.2"]
[White "Legky, Nikolay A"]
[Black "Le Roux, Jean-Pierre"]
[Result "1/2-1/2"]
[WhiteElo "2425"]
[BlackElo "2552"]
[PlyCount "50"]
[EventDate "2016.??.??"]

1. d4 Nf6 2. c4 c5 3. d5 b5 4. cxb5 a6 5. b6 d6 6. Nc3 Nbd7 7. e4 g6 8. Nf3
Rb8 9. Nd2 Bg7 10. a4 Rxb6 11. a5 Rb4 12. Nc4 O-O 13. Bd3 e6 14. O-O exd5
15. exd5 Ne5 16. Nxe5 dxe5 17. Be3 Rd4 18. Qe2 Bg4 19. f3 e4 20. Bxd4 exd3
21. Bxf6 dxe2 22. Bxd8 exf1=Q+ 23. Kxf1 Rxd8 24. fxg4 Bxc3 25. bxc3 Rxd5
1/2-1/2